Catálogo
 En Linea

Sophy de Puerto Rico desde lo más íntimo... : (Registro nro. 43299)

Detalles MARC
000 -CABECERA
campo de control de longitud fija 00830nam a2200229 a 4500
001 - NÚMERO DE CONTROL
campo de control 000043810
005 - FECHA Y HORA DE LA ÚLTIMA TRANSACCIÓN
campo de control 20201002044959.0
008 - DATOS DE LONGITUD FIJA--INFORMACIÓN GENERAL
campo de control de longitud fija 140506s2014 pr ac 000 0 spa d
020 ## - NÚMERO INTERNACIONAL ESTÁNDAR DEL LIBRO
Número Internacional Estándar del Libro 9781934461679
040 ## - FUENTE DE LA CATALOGACIÓN
Centro catalogador/agencia de origen DO-SdBNP
Lengua de catalogación spa
Centro/agencia transcriptor BNPHU
082 ## - NÚMERO DE LA CLASIFICACIÓN DECIMAL DEWEY
Número de clasificación 782.097295
Número de documento/Ítem H557s
100 1# - ENTRADA PRINCIPAL--NOMBRE DE PERSONA
Nombre de persona Sophy
9 (RLIN) 71648
245 10 - MENCIÓN DE TÍTULO
Título Sophy de Puerto Rico desde lo más íntimo... :
Resto del título el poder de luchar para triunfar /
Mención de responsabilidad, etc. Sophy Hernández; prólogo Laura E. Castro Cardona.
250 ## - MENCIÓN DE EDICIÓN
Mención de edición 2a. ed.
260 ## - PUBLICACIÓN, DISTRIBUCIÓN, ETC.
Lugar de publicación, distribución, etc. Puerto Rico, :
Nombre del editor, distribuidor, etc. [s.d.],
Fecha de publicación, distribución, etc. 2014.
300 ## - DESCRIPCIÓN FÍSICA
Extensión 318p. :
Otras características físicas il., retrs. ;
Dimensiones 22 cm.
600 ## - PUNTO DE ACCESO ADICIONAL DE MATERIA--NOMBRE DE PERSONA
Nombre de persona HERNÁNDEZ, SOFÍA
Subdivisión general ANÉCDOTAS
9 (RLIN) 71649
600 ## - PUNTO DE ACCESO ADICIONAL DE MATERIA--NOMBRE DE PERSONA
Nombre de persona HERNÁNDEZ, SOFÍA
Subdivisión general BIOGRAFÍA
9 (RLIN) 71650
650 #4 - PUNTO DE ACCESO ADICIONAL DE MATERIA--TÉRMINO DE MATERIA
Término de materia o nombre geográfico como elemento de entrada Cantante
Subdivisión geográfica Puerto Rico
Subdivisión general Anécdotas
9 (RLIN) 71651
650 #4 - PUNTO DE ACCESO ADICIONAL DE MATERIA--TÉRMINO DE MATERIA
Término de materia o nombre geográfico como elemento de entrada Cantante
Subdivisión geográfica Puerto Rico
Subdivisión general Biografía
9 (RLIN) 71652
700 12 - PUNTO DE ACCESO ADICIONAL--NOMBRE DE PERSONA
Nombre de persona Castro Cardona, Laura E.
9 (RLIN) 71653
Existencias
Estado de retiro Estado de pérdida Restricciones de uso No para préstamo Código de colección Localización permanente Ubicación/localización actual Ubicación en estantería Fecha de adquisición Número de inventario Total de préstamos Signatura topográfica completa Código de barras Fecha visto por última vez Precio válido a partir de Tipo de ítem Koha Número de copia
      Excluido de préstamo Monografías: Libros y Folletos General General En catalogación 06.05.2014 LF1   782.097295 H557s 43810-10 25.06.2020 25.06.2020 No se presta  
      Excluido de préstamo Monografías: Libros y Folletos General General En catalogación 06.05.2014 LF1   782.097295 H557s 43810-20 25.06.2020 25.06.2020 No se presta e. 2
      Excluido de préstamo Monografías: Libros y Folletos General General En catalogación 06.05.2014 LF1   782.097295 H557s 43810-30 25.06.2020 25.06.2020 No se presta e. 3

Con tecnología Koha